Disaster management (Record no. 29729)
[ view plain ]
| 000 -LEADER | |
|---|---|
| fixed length control field | 00556nam a2200205Ia 4500 |
| 001 - CONTROL NUMBER | |
| control field | 29660 |
| 003 - CONTROL NUMBER IDENTIFIER | |
| control field | PK-LaUMT |
| 005 - DATE AND TIME OF LATEST TRANSACTION | |
| control field | 20221004170205.0 |
| 008 - FIXED-LENGTH DATA ELEMENTS--GENERAL INFORMATION | |
| fixed length control field | 140415s9999 xx 000 0 und d |
| 020 ## - INTERNATIONAL STANDARD BOOK NUMBER | |
| International Standard Book Number | 971-561-006-4 |
| 040 ## - CATALOGING SOURCE | |
| Transcribing agency | PK-LaUMT |
| 082 ## - DEWEY DECIMAL CLASSIFICATION NUMBER | |
| Classification number | W 658.477 |
| Item number | CAR-D |
| 100 ## - MAIN ENTRY--PERSONAL NAME | |
| Personal name | W. Nick Carter |
| 245 ## - TITLE STATEMENT | |
| Title | Disaster management |
| Remainder of title | a disaster manager's handbook |
| Statement of responsibility, etc | W. Nick Carter |
| 260 ## - PUBLICATION, DISTRIBUTION, ETC. (IMPRINT) | |
| Place of publication, distribution, etc | Manila,Philippines: |
| Name of publisher, distributor, etc | Asian Development Bank, |
| Date of publication, distribution, etc | 1991 |
| 300 ## - PHYSICAL DESCRIPTION | |
| Extent | 417 p. |
| 546 ## - LANGUAGE NOTE | |
| Language note | EN |
| 650 ## - SUBJECT ADDED ENTRY--TOPICAL TERM | |
| Topical term or geographic name as entry element | Disasters-Management |
| 942 ## - ADDED ENTRY ELEMENTS (KOHA) | |
| Koha item type | Permanently weeded out collection |
| Source of classification or shelving scheme | Dewey Decimal Classification |
| Withdrawn status | Lost status | Damaged status | Not for loan | Home library | Current library | Date acquired | Total Checkouts | Full call number | Barcode | Date last seen | Date checked out | Price effective from | Koha item type |
|---|---|---|---|---|---|---|---|---|---|---|---|---|---|
| UMT Main Campus | UMT Main Campus | 2014-04-05 | 2 | W 658.477 CAR-D | 36656 | 2021-02-20 | 2021-01-28 | 2014-04-25 | Books |
